[Event "34th European Club Cup 2018"]
[Site "Halkidiki"]
[Date "2018.10.15"]
[Round "4"]
[White "Mcgowan, Daniel"]
[Black "Duncan, Chris R"]
[Result "1/2-1/2"]
[WhiteElo "2157"]
[BlackElo "2236"]
[Annotator "TA"]
[PlyCount "197"]
[EventDate "2018.10.12"]
[EventType "team-tourn"]
[EventCountry "GRE"]
[SourceTitle "playchess.com"]
[Source "ChessBase"]
[SourceQuality "1"]
[WhiteTeam "Grantham"]
[BlackTeam "Blackthorne"]

1. e4 c5 2. Nf3 d6 3. c3 Nf6 4. Be2 g6 5. O-O Bg7 6. Bb5+ Bd7 7. Bxd7+ Qxd7 8. Re1 Nc6 9. d4 cxd4 10. cxd4 d5 11. e5 Ne4 12. Nc3 Nxc3 13. bxc3 O-O 14. Qd3 Rac8 15. Ba3 Na5 16. Ng5 Nc4 17. Bc1 f6 18. e6 Qc6 19. Nf7 b6 20. h4 Nd6 21. Nxd6 Qxd6 22. h5 f5 23. hxg6 hxg6 24. Bg5 Rc4 25. Qh3 Rfc8 26. Qh4 Rxc3 27. Bxe7 Qc6 28. Bd8 Qe8 29. e7 Kf7 30. Qf4 Rxd8 31. exd8=Q Qxd8 32. Rac1 Rc4 33. Rcd1 Qd7 34. Re3 a5 35. Qh4 b5 36. Rde1 Rc7 37. Qf4 Rb7 38. Rc3 b4 39. Rc5 a4 40. Rec1 Qe6 41. Rc7+ Rxc7 42. Qxc7+ Kg8 43. Qd8+ Kh7 44. Qb8 Bxd4 45. Qxb4 Qe4 46. Rc7+ Kh6 47. Qd2+ f4 48. Rc1 Bf6 49. Rd1 d4 50. Qd3 Qd5 51. a3 Kg7 52. Rc1 Qd6 53. Rc4 Qd7 54. Kf1 Kf7 55. Qc2 Qb5 56. Kg1 Qd5 57. Rxa4 d3 58. Qc7+ Kg8 59. Rb4 Bg7 60. Rb8+ Kh7 61. Rb7 Qd4 62. Qd7 Qa1+ 63. Kh2 f3 64. Qxd3 Qe5+ 65. Kg1 Qe1+ 66. Qf1 Qe4 67. Rb3 fxg2 68. Qxg2 Qe1+ 69. Qf1 Qe4 70. Qh3+ Bh6 71. Qd7+ Bg7 72. Re3 Qf4 73. Qh3+ Kg8 74. Re8+ Bf8 75. Qe6+ Kh7 76. Qe3 Qg4+ 77. Kh1 Qd1+ 78. Kg2 Qd5+ 79. f3 Qa2+ 80. Kh3 Qxa3 81. Re6 Qxe3 82. Rxe3 Kh6 83. Kg4 Bb4 84. Rb3 Be7 85. f4 Kg7 86. Rb7 Kf6 87. Ra7 Ke6 88. Ra6+ Kf7 89. f5 gxf5+ 90. Kxf5 Bc5 91. Ra5 Bd4 92. Rd5 Bb2 93. Rd7+ Ke8 94. Ke6 Kf8 95. Rb7 Bc3 96. Rf7+ Kg8 97. Rf3 Bb2 98. Rg3+ Kf8 99. Rf3+ 1/2-1/2

[Event "34th European Club Cup 2018"]
[Site "Halkidiki"]
[Date "2018.10.15"]
[Round "4"]
[White "Tsarouhas, Konstantinos"]
[Black "Papadiamandis, Elliot"]
[Result "0-1"]
[WhiteElo "2154"]
[BlackElo "2149"]
[Annotator "TA"]
[PlyCount "96"]
[EventDate "2018.10.12"]
[EventType "team-tourn"]
[EventCountry "GRE"]
[SourceTitle "playchess.com"]
[Source "ChessBase"]
[SourceQuality "1"]
[WhiteTeam "Chania CA"]
[BlackTeam "Bois-Colombes"]

1. c4 e5 2. Nc3 Nf6 3. Nf3 Nc6 4. g3 d5 5. cxd5 Nxd5 6. Bg2 Nb6 7. O-O Be7 8. d3 O-O 9. a3 Be6 10. Be3 Nd5 11. Nxd5 Bxd5 12. Rc1 Qd7 13. Bc5 Bxc5 14. Rxc5 Qd6 15. Rc1 Rad8 16. Re1 Rd7 17. Qa4 a6 18. Nd2 Bxg2 19. Kxg2 Qd5+ 20. Ne4 f5 21. Rc5 Qf7 22. Ng5 Qe7 23. Qh4 h6 24. Qc4+ Kh8 25. Nf3 Qf6 26. b4 Re7 27. Rf1 g5 28. Qc3 g4 29. Nh4 Nd4 30. e3 Nb5 31. Qb2 Nd6 32. Rxe5 Rg8 33. d4 Nc4 34. Rxf5 Qxh4 35. Qc3 Qh3+ 36. Kg1 Nd6 37. d5+ Reg7 38. Re5 Nf7 39. Rf5 Ng5 40. Rxg5 hxg5 41. f4 gxf3 42. Rxf3 Qh5 43. e4 Qg4 44. Rf6 Kh7 45. Qd3 Re8 46. e5+ Kg8 47. e6 b5 48. Kg2 Rf8 0-1

[Event "34th European Club Cup 2018"]
[Site "Halkidiki"]
[Date "2018.10.15"]
[Round "4"]
[White "Walton, Alan J"]
[Black "Schartz, Alain"]
[Result "1/2-1/2"]
[WhiteElo "2152"]
[BlackElo "2107"]
[Annotator "TA"]
[PlyCount "77"]
[EventDate "2018.10.12"]
[EventType "team-tourn"]
[EventCountry "GRE"]
[SourceTitle "playchess.com"]
[Source "ChessBase"]
[SourceQuality "1"]
[WhiteTeam "Oldham"]
[BlackTeam "Dudelange"]

1. d4 d5 2. c4 e6 3. Nc3 Nf6 4. cxd5 exd5 5. Bg5 c6 6. Qc2 Be7 7. e3 Nbd7 8. Bd3 h6 9. Bh4 Nh5 10. Bxe7 Qxe7 11. Nge2 Nb6 12. O-O-O Bd7 13. Kb1 O-O-O 14. Na4 Nxa4 15. Qxa4 Kb8 16. Rc1 Nf6 17. Ng3 Bc8 18. Qc2 Rhe8 19. Rhe1 Qc7 20. h3 Qd6 21. Nf1 Be6 22. Nd2 Rc8 23. Nf3 Nd7 24. Bf5 Bxf5 25. Qxf5 Nf6 26. Ne5 Rc7 27. Re2 Qe7 28. Rec2 Ne4 29. Qf4 Nd6 30. b3 Ka8 31. Nd3 Ne4 32. Kb2 Rec8 33. f3 Nf6 34. g4 Nd7 35. e4 dxe4 36. fxe4 Nf6 37. Ne5 Qb4 38. Rc4 Qd6 39. Qe3 1/2-1/2

[Event "34th European Club Cup 2018"]
[Site "Halkidiki"]
[Date "2018.10.15"]
[Round "4"]
[White "Hamiti, Gani"]
[Black "Gengler, Pierre"]
[Result "1-0"]
[WhiteElo "2149"]
[BlackElo "2205"]
[Annotator "TA"]
[PlyCount "105"]
[EventDate "2018.10.12"]
[EventType "team-tourn"]
[EventCountry "GRE"]
[SourceTitle "playchess.com"]
[Source "ChessBase"]
[SourceQuality "1"]
[WhiteTeam "Dardania"]
[BlackTeam "Wirtzfeld"]

1. e4 c5 2. Nc3 Nc6 3. f4 g6 4. Nf3 Bg7 5. Bb5 d6 6. Bxc6+ bxc6 7. d3 Nf6 8. O-O O-O 9. Qe1 Rb8 10. Rb1 Ne8 11. Bd2 Nc7 12. b3 Nb5 13. a4 Nd4 14. Nxd4 cxd4 15. Ne2 f5 16. Ng3 e6 17. Qe2 Rb7 18. Rbe1 Rbf7 19. exf5 exf5 20. Qf2 Bf6 21. Re2 c5 22. Rfe1 Bh4 23. c3 Ba6 24. cxd4 Bxd3 25. Re3 Be4 26. dxc5 d5 27. Rc1 d4 28. Ree1 Qd5 29. b4 Rc8 30. Red1 Rd7 31. Qe2 d3 32. Qf2 a5 33. b5 Qb3 34. c6 Rf7 35. Qc5 Qxa4 36. Nxe4 fxe4 37. b6 Bd8 38. b7 Rb8 39. Be3 Bc7 40. g3 Qa2 41. Rd2 Qe6 42. Qc4 Qf5 43. Re1 a4 44. Ra2 Qa5 45. Rb1 Rd8 46. Rxa4 Qh5 47. Ra8 Qe2 48. Rxd8+ Bxd8 49. Qd4 Bc7 50. b8=Q+ Bxb8 51. Rxb8+ Rf8 52. Qd5+ Kg7 53. Rb7+ 1-0

[Event "34th European Club Cup 2018"]
[Site "Halkidiki"]
[Date "2018.10.15"]
[Round "4"]
[White "Pedersen, Peter Brondt"]
[Black "Dunne, Thomas Junior"]
[Result "1/2-1/2"]
[WhiteElo "2140"]
[BlackElo "1878"]
[Annotator "TA"]
[PlyCount "43"]
[EventDate "2018.10.12"]
[EventType "team-tourn"]
[EventCountry "GRE"]
[SourceTitle "playchess.com"]
[Source "ChessBase"]
[SourceQuality "1"]
[WhiteTeam "Bronshoj"]
[BlackTeam "Ballinasloe"]

1. Nf3 Nf6 2. c4 c5 3. g3 g6 4. Bg2 Bg7 5. O-O O-O 6. d4 cxd4 7. Nxd4 Nc6 8. Nc3 Nxd4 9. Qxd4 d6 10. Qh4 Rb8 11. Bh6 Be6 12. Bxg7 Kxg7 13. Rfd1 Qa5 14. Qd4 Rfc8 15. b3 Qc5 16. Qd2 a6 17. Rac1 Qa5 18. Qd4 Qc5 19. Qf4 Qa5 20. Qd4 Qc5 21. Qf4 Qa5 22. Qd4 1/2-1/2

[Event "34th European Club Cup 2018"]
[Site "Halkidiki"]
[Date "2018.10.15"]
[Round "4"]
[White "Wundermann, Xavier"]
[Black "Georgakopoulos, Nikolaos K."]
[Result "1-0"]
[WhiteElo "2139"]
[BlackElo "2085"]
[Annotator "TA"]
[PlyCount "125"]
[EventDate "2018.10.12"]
[EventType "team-tourn"]
[EventCountry "GRE"]
[SourceTitle "playchess.com"]
[Source "ChessBase"]
[SourceQuality "1"]
[WhiteTeam "Bois-Colombes"]
[BlackTeam "Chania CA"]

1. e4 e6 2. d3 c5 3. g3 Nc6 4. Bg2 g6 5. c3 Bg7 6. Be3 d6 7. Nd2 Nge7 8. h4 b6 9. h5 Ba6 10. hxg6 hxg6 11. Rxh8+ Bxh8 12. Ndf3 Qd7 13. Bh3 d5 14. Bf4 O-O-O 15. e5 g5 16. Nxg5 Ng6 17. d4 cxd4 18. cxd4 Nb4 19. Bf1 Bxf1 20. Kxf1 Nxf4 21. Qc1+ Kb7 22. Qxf4 Rf8 23. Qd2 Nc6 24. Nh7 Rg8 25. Nf3 f5 26. Nhg5 Bg7 27. Kg2 Bh6 28. Rh1 Rg6 29. Rh5 Qg7 30. Qf4 Nxd4 31. Nxd4 Rxg5 32. Rxg5 Bxg5 33. Nxe6 Bxf4 34. Nxg7 Bxe5 35. Nxf5 Bxb2 36. Kf3 Kc6 37. g4 b5 38. g5 b4 39. g6 a5 40. Ke3 a4 41. Nd4+ Kc5 42. Ne6+ Kc4 43. Kd2 a3 44. Kc2 d4 45. Nf4 d3+ 46. Nxd3 Bd4 47. f4 b3+ 48. axb3+ Kd5 49. Kb1 Ke6 50. Ne5 Kf6 51. b4 Bc3 52. b5 Bd2 53. Nd3 Kxg6 54. Ka2 Kf5 55. Kxa3 Ke4 56. b6 Ba5 57. b7 Bc7 58. Ka4 Kd5 59. Kb5 Kd6 60. Nc5 Ke7 61. f5 Kf6 62. Kc6 Bh2 63. Ne4+ 1-0

[Event "34th European Club Cup 2018"]
[Site "Halkidiki"]
[Date "2018.10.15"]
[Round "4"]
[White "Nestor, Kaarel"]
[Black "Dinev, Dejan"]
[Result "1-0"]
[WhiteElo "2132"]
[BlackElo "2284"]
[Annotator "TA"]
[PlyCount "139"]
[EventDate "2018.10.12"]
[EventType "team-tourn"]
[EventCountry "GRE"]
[SourceTitle "playchess.com"]
[Source "ChessBase"]
[SourceQuality "1"]
[WhiteTeam "Reval"]
[BlackTeam "Asseco SEE"]

1. d4 d5 2. Nf3 Nf6 3. c4 c6 4. e3 e6 5. Bd3 Nbd7 6. b3 Be7 7. O-O O-O 8. Nc3 c5 9. cxd5 Nxd5 10. Nxd5 exd5 11. Bb2 b6 12. Rc1 Bb7 13. Qc2 h6 14. Bh7+ Kh8 15. Bf5 Rc8 16. Qd2 Rc7 17. Bb1 Kg8 18. Qd3 f5 19. Ne5 Nxe5 20. dxe5 Rc6 21. g4 Rg6 22. h3 h5 23. f3 c4 24. bxc4 Bc5 25. Rc2 dxc4 26. Qxc4+ Bd5 27. Qd3 hxg4 28. hxg4 Be6 29. Qxd8 Bxe3+ 30. Kg2 Rxd8 31. Re2 Bc5 32. Rc1 Rg5 33. Rxc5 bxc5 34. Bc1 Rg6 35. Kf2 Rd1 36. Bxf5 Bxf5 37. gxf5 Rgg1 38. Ba3 Rdf1+ 39. Ke3 Re1 40. Bxc5 Rxe2+ 41. Kxe2 Rg2+ 42. Bf2 a6 43. Ke3 Rg5 44. Ke4 Rg2 45. Ke3 Rg5 46. Kf4 Rg2 47. Ke3 Rh2 48. a3 Rh1 49. Ke4 Ra1 50. Bc5 Rd1 51. e6 Rd2 52. Be7 Ra2 53. Kf4 Re2 54. Bc5 Rc2 55. Bd6 Re2 56. Be7 Re1 57. Bd6 Re2 58. Bb4 Ra2 59. Ke3 a5 60. Bd6 Rb2 61. Kd4 Rb5 62. Bc5 Rb3 63. f4 Rf3 64. Bd6 Rf1 65. Kd5 Re1 66. Kc6 a4 67. Kd7 Re2 68. Ke7 Rb2 69. f6 Rb7+ 70. Kd8 1-0

[Event "34th European Club Cup 2018"]
[Site "Halkidiki"]
[Date "2018.10.15"]
[Round "4"]
[White "Petersen, Steen"]
[Black "O`brien, George"]
[Result "1-0"]
[WhiteElo "2131"]
[BlackElo "1902"]
[Annotator "TA"]
[PlyCount "41"]
[EventDate "2018.10.12"]
[EventType "team-tourn"]
[EventCountry "GRE"]
[SourceTitle "playchess.com"]
[Source "ChessBase"]
[SourceQuality "1"]
[WhiteTeam "Bronshoj"]
[BlackTeam "Ballinasloe"]

1. e4 e5 2. Nf3 Nf6 3. Nxe5 d6 4. Nf3 Nxe4 5. Nc3 Nxc3 6. dxc3 Be7 7. Bd3 Nc6 8. Bf4 Be6 9. Qd2 Qd7 10. O-O-O a6 11. Rhe1 h6 12. Kb1 O-O-O 13. Nd4 Nxd4 14. cxd4 d5 15. Be5 f6 16. Bg3 Bg4 17. f3 Bh5 18. Qa5 g6 19. Bxa6 c6 20. Qb6 Rh7 21. Qa7 1-0

[Event "34th European Club Cup 2018"]
[Site "Halkidiki"]
[Date "2018.10.15"]
[Round "4"]
[White "Gnichtel, Gerd"]
[Black "Ramondino, Renzo"]
[Result "0-1"]
[WhiteElo "2125"]
[BlackElo "2193"]
[Annotator "TA"]
[PlyCount "52"]
[EventDate "2018.10.12"]
[EventType "team-tourn"]
[EventCountry "GRE"]
[SourceTitle "playchess.com"]
[Source "ChessBase"]
[SourceQuality "1"]
[WhiteTeam "Echternach"]
[BlackTeam "Lazio ASD"]

1. d4 Nf6 2. c4 g6 3. Nc3 Bg7 4. e4 d6 5. Nf3 O-O 6. Be2 e5 7. O-O Nc6 8. d5 Ne7 9. Ne1 Nd7 10. Nd3 f5 11. Bd2 Nf6 12. f3 f4 13. c5 g5 14. cxd6 cxd6 15. Nb5 Ng6 16. Qc2 Rf7 17. Rfc1 Qb6+ 18. Nf2 g4 19. Nc7 g3 20. Nxa8 Qxf2+ 21. Kh1 Bh3 22. Bf1 gxh2 23. Kxh2 Nh4 24. Be1 Nxf3+ 25. Kxh3 Ng5+ 26. Kh2 Ng4+ 0-1

[Event "34th European Club Cup 2018"]
[Site "Halkidiki"]
[Date "2018.10.15"]
[Round "4"]
[White "Vanstreels, Luc"]
[Black "Marinskii, Yurii"]
[Result "1-0"]
[WhiteElo "2123"]
[BlackElo "2166"]
[Annotator "TA"]
[PlyCount "119"]
[EventDate "2018.10.12"]
[EventType "team-tourn"]
[EventCountry "GRE"]
[SourceTitle "playchess.com"]
[Source "ChessBase"]
[SourceQuality "1"]
[WhiteTeam "Eynatten"]
[BlackTeam "Overtime"]

1. d4 d5 2. Bf4 Nf6 3. e3 c6 4. c4 Qb6 5. Qb3 Bf5 6. Nc3 dxc4 7. Bxc4 e6 8. Nge2 Nbd7 9. f3 Qxb3 10. Bxb3 Bd3 11. Rd1 Ba6 12. e4 Nb6 13. Kf2 Be7 14. g4 O-O 15. h4 Nc4 16. Bc1 c5 17. g5 Nh5 18. Bxc4 Bxc4 19. d5 Rad8 20. Nf4 Nxf4 21. Bxf4 exd5 22. exd5 Rd7 23. b3 Ba6 24. d6 Bd8 25. Nd5 b6 26. Rhe1 f6 27. Re7 Bb5 28. gxf6 g6 29. Bh6 Rxd6 30. Bxf8 Kxf8 31. Rxh7 Bxf6 32. Nc3 Bd4+ 33. Rxd4 Rxd4 34. Nxb5 Rd2+ 35. Ke3 Rxa2 36. Rxa7 Rb2 37. Ra3 Rh2 38. Kf4 Kg7 39. Ra7+ Kf6 40. Kg3 Rb2 41. Rb7 Rxb3 42. Rxb6+ Kg7 43. Rb7+ Kh6 44. Nd6 c4 45. Rc7 g5 46. Nf7+ Kg6 47. hxg5 c3 48. Kg4 Kg7 49. Nd6+ Kg8 50. Ne4 c2 51. Rxc2 Kf7 52. Rc7+ Kf8 53. g6 Rb4 54. Kg5 Rb5+ 55. Kh6 Rb6 56. Kh7 Rf6 57. g7+ Ke8 58. Nxf6+ Kd8 59. Rd7+ Kc8 60. g8=R# 1-0

[Event "34th European Club Cup 2018"]
[Site "Halkidiki"]
[Date "2018.10.15"]
[Round "4"]
[White "Noiroux, Kevin"]
[Black "Fejzullahu, Afrim"]
[Result "0-1"]
[WhiteElo "2118"]
[BlackElo "2247"]
[Annotator "TA"]
[PlyCount "92"]
[EventDate "2018.10.12"]
[EventType "team-tourn"]
[EventCountry "GRE"]
[SourceTitle "playchess.com"]
[Source "ChessBase"]
[SourceQuality "1"]
[WhiteTeam "Echiquier Amaytois"]
[BlackTeam "Drejtesia"]

1. d4 Nf6 2. Bf4 d6 3. Nc3 c6 4. e4 b5 5. f3 Nbd7 6. d5 cxd5 7. Nxd5 Rb8 8. Nxf6+ gxf6 9. Qd2 Qc7 10. Ne2 e6 11. Nc3 a6 12. a4 b4 13. Na2 Qb6 14. Rd1 Ne5 15. Be2 b3 16. Be3 Qb7 17. Nc3 bxc2 18. Rc1 Qxb2 19. O-O Be7 20. Rxc2 Qb7 21. Rb1 Qa8 22. Rcb2 Rxb2 23. Qxb2 O-O 24. Qb6 Re8 25. f4 Nc6 26. Qc7 Bd8 27. Qxd6 Ba5 28. Qc5 Bb7 29. Nd1 Bd8 30. Nf2 Be7 31. Qh5 Nd8 32. Bf3 f5 33. e5 Bxf3 34. gxf3 Kh8 35. Nh3 Qd5 36. Kh1 Qd3 37. Re1 Rg8 38. Ng5 Rg7 39. Bf2 Qd2 40. Bh4 Qxf4 41. Rg1 Kg8 42. Qh6 Qxe5 43. Nxh7 Rxg1+ 44. Kxg1 Qd4+ 45. Bf2 Qg7+ 46. Qxg7+ Kxg7 0-1

[Event "34th European Club Cup 2018"]
[Site "Halkidiki"]
[Date "2018.10.15"]
[Round "4"]
[White "Arnott, Jonathan W"]
[Black "Nordenbaek, Jan"]
[Result "0-1"]
[WhiteElo "2116"]
[BlackElo "2173"]
[Annotator "TA"]
[PlyCount "44"]
[EventDate "2018.10.12"]
[EventType "team-tourn"]
[EventCountry "GRE"]
[SourceTitle "playchess.com"]
[Source "ChessBase"]
[SourceQuality "1"]
[WhiteTeam "White Rose"]
[BlackTeam "Hillerod"]

1. e4 c5 2. b3 d6 3. Bb2 Nf6 4. Nc3 Nc6 5. Bb5 e5 6. f4 exf4 7. Nf3 Be7 8. d4 O-O 9. Bxc6 bxc6 10. dxc5 d5 11. e5 Ne4 12. Nxe4 dxe4 13. Qxd8 Rxd8 14. Nd4 Bh4+ 15. Kd2 Bf2 16. c3 Ba6 17. Kc2 Bd3+ 18. Kd2 Rd5 19. Rad1 Rxc5 20. c4 Rd8 21. Nc2 Bxc4+ 22. Kc1 Bd3 0-1

[Event "34th European Club Cup 2018"]
[Site "Halkidiki"]
[Date "2018.10.15"]
[Round "4"]
[White "Varnam, Liam D"]
[Black "Ledger, Stephen C"]
[Result "1-0"]
[WhiteElo "2089"]
[BlackElo "2020"]
[Annotator "NA RC"]
[PlyCount "117"]
[EventDate "2018.10.12"]
[EventType "team-tourn"]
[EventCountry "GRE"]
[SourceTitle "playchess.com"]
[Source "ChessBase"]
[SourceQuality "1"]
[WhiteTeam "Grantham"]
[BlackTeam "Blackthorne"]

1. e4 d5 2. exd5 Qxd5 3. Nc3 Qd6 4. d4 Nf6 5. Nf3 c6 6. Bc4 Bg4 7. Be3 e6 8. h3 Bh5 9. Qe2 Nbd7 10. O-O-O Be7 11. g4 Bg6 12. Rhg1 Nb6 13. h4 Nxc4 14. Qxc4 Be4 15. Nxe4 Nxe4 16. Qd3 Nf6 17. c4 Nd7 18. g5 a6 19. Nd2 O-O-O 20. Qc2 Kb8 21. c5 Qd5 22. Nc4 Ka7 23. Bf4 b5 24. cxb6+ Nxb6 25. Nxb6 Kxb6 26. Rg3 Bd6 27. Rb3+ Ka7 28. Bxd6 Rxd6 29. Re3 Rhd8 30. b3 Qb5 31. Rc3 Rxd4 32. Rxd4 Rxd4 33. Rxc6 Rd7 34. Rc7+ Rxc7 35. Qxc7+ Ka8 36. Qxf7 Qc5+ 37. Kb1 Qc3 38. Qe8+ Kb7 39. Qf7+ Kb8 40. Qg8+ Kb7 41. Qxh7 Qe1+ 42. Kc2 Qxf2+ 43. Kd3 Qf3+ 44. Kd4 Qd5+ 45. Ke3 Qc5+ 46. Kf3 Qc3+ 47. Kg4 Qd4+ 48. Kh5 Kc6 49. Kg6 e5 50. Qxg7 Qd3+ 51. Kh6 e4 52. g6 Qd2+ 53. Kh7 e3 54. Qf6+ Kc5 55. g7 e2 56. g8=Q Qd3+ 57. Kh8 e1=Q 58. Qgf8+ Kb5 59. a4+ 1-0

[Event "34th European Club Cup 2018"]
[Site "Halkidiki"]
[Date "2018.10.15"]
[Round "4"]
[White "Jap Tjoen San, Linda"]
[Black "Vucinic, Gojko"]
[Result "0-1"]
[WhiteElo "2086"]
[BlackElo "2398"]
[Annotator "NA"]
[PlyCount "66"]
[EventDate "2018.10.12"]
[EventType "team-tourn"]
[EventCountry "GRE"]
[SourceTitle "playchess.com"]
[Source "ChessBase"]
[SourceQuality "1"]
[WhiteTeam "Leiden"]
[BlackTeam "Itaka"]

1. e4 c5 2. Nf3 d6 3. d4 cxd4 4. Nxd4 Nf6 5. Nc3 g6 6. Be2 Bg7 7. Bg5 Nc6 8. Nb3 O-O 9. O-O a6 10. f4 b5 11. Bf3 Bb7 12. Kh1 Nd7 13. Qe1 b4 14. Nd1 a5 15. a4 bxa3 16. Rxa3 a4 17. Na1 Nd4 18. Qb4 Nc5 19. e5 Nxf3 20. gxf3 Qd7 21. Re3 h6 22. Bh4 Qh3 23. Qe1 dxe5 24. fxe5 g5 25. Bg3 g4 26. Nf2 gxf3 27. Rg1 Rfd8 28. Qb4 Rd1 29. Nxh3 f2+ 30. Qxb7 fxg1=Q+ 31. Nxg1 Nxb7 32. Ra3 Ra5 33. b3 Bxe5 0-1

[Event "34th European Club Cup 2018"]
[Site "Halkidiki"]
[Date "2018.10.15"]
[Round "4"]
[White "Mossong, Hubert"]
[Black "Longson, Alexander"]
[Result "0-1"]
[WhiteElo "2076"]
[BlackElo "2329"]
[Annotator "TA"]
[PlyCount "42"]
[EventDate "2018.10.12"]
[EventType "team-tourn"]
[EventCountry "GRE"]
[SourceTitle "playchess.com"]
[Source "ChessBase"]
[SourceQuality "1"]
[WhiteTeam "Dudelange"]
[BlackTeam "Oldham"]

1. e4 c6 2. d4 d5 3. e5 c5 4. dxc5 Nc6 5. Bb5 e6 6. Nf3 Bxc5 7. O-O Nge7 8. Bf4 O-O 9. Bd3 Ng6 10. Bg3 f6 11. Bxg6 hxg6 12. Nc3 Qd7 13. Ne2 g5 14. h3 Qf7 15. Qd2 Bd7 16. Nc1 Bb6 17. Nd3 Ne7 18. exf6 gxf6 19. Nxg5 Qg7 20. Nf3 Qxg3 21. Qb4 Qg7 0-1

[Event "34th European Club Cup 2018"]
[Site "Halkidiki"]
[Date "2018.10.15"]
[Round "4"]
[White "Jessen, Alexander"]
[Black "Egan, Colm"]
[Result "0-1"]
[WhiteElo "2060"]
[BlackElo "1729"]
[Annotator "NA RC"]
[PlyCount "118"]
[EventDate "2018.10.12"]
[EventType "team-tourn"]
[EventCountry "GRE"]
[SourceTitle "playchess.com"]
[Source "ChessBase"]
[SourceQuality "1"]
[WhiteTeam "Jetsmark"]
[BlackTeam "Dublin"]

1. d4 d6 2. c4 e5 3. d5 f5 4. Nc3 Nf6 5. Nf3 Be7 6. g3 O-O 7. Bg2 Qe8 8. c5 Na6 9. cxd6 cxd6 10. a3 Bd7 11. b4 Rc8 12. Bb2 Bd8 13. Ng5 Nc7 14. O-O Be7 15. Qb3 Kh8 16. Ne6 Nxe6 17. dxe6 Bc6 18. Rfd1 Bxg2 19. Kxg2 f4 20. f3 fxg3 21. hxg3 Nh5 22. Ne4 Qg6 23. Rh1 Nf4+ 24. Kf2 Nxe6 25. Qd3 Ng5 26. Nxg5 Qxd3 27. exd3 Rc2+ 28. Ke1 Bxg5 29. Rb1 Rxf3 30. Rf1 Rxf1+ 31. Kxf1 h5 32. Ba1 Rc1+ 33. Rxc1 Bxc1 34. a4 Kh7 35. Ke2 Kg6 36. b5 b6 37. d4 Kf5 38. Bc3 Ke4 39. dxe5 dxe5 40. Bb4 Kd5 41. Bf8 g6 42. Kd3 e4+ 43. Kc3 Be3 44. Be7 Bd4+ 45. Kd2 Kc4 46. Kc2 Be5 47. Kd2 Bxg3 48. Ke3 Kb3 49. Bc5 bxc5 50. a5 Bc7 51. a6 c4 52. Kd2 Kb2 53. b6 Bxb6 54. Kd1 c3 55. Ke1 c2 56. Ke2 g5 57. Kd2 c1=Q+ 58. Ke2 Qc2+ 59. Ke1 h4 0-1

[Event "34th European Club Cup 2018"]
[Site "Halkidiki"]
[Date "2018.10.15"]
[Round "4"]
[White "Ho, Conrad"]
[Black "Nilsson, Lars Kjoller"]
[Result "1-0"]
[WhiteElo "2056"]
[BlackElo "1948"]
[Annotator "NA RC"]
[PlyCount "61"]
[EventDate "2018.10.12"]
[EventType "team-tourn"]
[EventCountry "GRE"]
[SourceTitle "playchess.com"]
[Source "ChessBase"]
[SourceQuality "1"]
[WhiteTeam "White Rose"]
[BlackTeam "Hillerod"]

1. d4 Nf6 2. c4 e6 3. g3 Bb4+ 4. Bd2 Bxd2+ 5. Nxd2 d6 6. Bg2 O-O 7. e3 Nbd7 8. Ne2 e5 9. O-O Re8 10. Nc3 Rb8 11. b4 exd4 12. exd4 Nf8 13. Qc2 Ne6 14. Nb3 b6 15. Rfe1 Bb7 16. d5 Nf8 17. Nd4 Qd7 18. Ne4 Nxe4 19. Bxe4 g6 20. Qd2 Qd8 21. f4 f5 22. Bc2 a6 23. Ba4 b5 24. cxb5 Bxd5 25. bxa6 Rxe1+ 26. Rxe1 Rb6 27. Nc6 Bxc6 28. Bxc6 Rxa6 29. Qd4 Rxc6 30. Qd5+ Kg7 31. Qxc6 1-0

[Event "34th European Club Cup 2018"]
[Site "Halkidiki"]
[Date "2018.10.15"]
[Round "4"]
[White "Damjanovic, Vuk"]
[Black "Van Haastert, Edwin"]
[Result "1/2-1/2"]
[WhiteElo "2031"]
[BlackElo "2437"]
[Annotator "TA"]
[PlyCount "85"]
[EventDate "2018.10.12"]
[EventType "team-tourn"]
[EventCountry "GRE"]
[SourceTitle "playchess.com"]
[Source "ChessBase"]
[SourceQuality "1"]
[WhiteTeam "Itaka"]
[BlackTeam "Leiden"]

1. Nf3 c5 2. c3 Nf6 3. d4 e6 4. Bg5 b6 5. e3 Bb7 6. Bd3 Be7 7. Nbd2 cxd4 8. exd4 d6 9. O-O O-O 10. Qe2 Nbd7 11. a4 a6 12. Rfe1 Re8 13. h3 e5 14. Qf1 Nd5 15. Bxe7 Rxe7 16. Be4 N7f6 17. Bxd5 Nxd5 18. dxe5 dxe5 19. Rxe5 Rxe5 20. Nxe5 Nxc3 21. bxc3 Qxd2 22. Qc4 Bd5 23. Qd4 Qxd4 24. cxd4 Rd8 25. a5 f6 26. Nd3 Bc4 27. Nb4 bxa5 28. Nc6 Rd6 29. Nxa5 Bd5 30. Rb1 g5 31. f3 h5 32. Kf2 Kf7 33. Nb7 Bxb7 34. Rxb7+ Ke6 35. Ke3 Kd5 36. Rb4 f5 37. Ra4 Rb6 38. Ra5+ Ke6 39. Kd3 h4 40. Kc3 Rc6+ 41. Kd3 Rb6 42. Kc3 Rc6+ 43. Kd3 1/2-1/2

[Event "34th European Club Cup 2018"]
[Site "Halkidiki"]
[Date "2018.10.15"]
[Round "4"]
[White "Jensen, Michael Agermose"]
[Black "Dunne, John P."]
[Result "1-0"]
[WhiteElo "2022"]
[BlackElo "1481"]
[Annotator "NA RC"]
[PlyCount "117"]
[EventDate "2018.10.12"]
[EventType "team-tourn"]
[EventCountry "GRE"]
[SourceTitle "playchess.com"]
[Source "ChessBase"]
[SourceQuality "1"]
[WhiteTeam "Bronshoj"]
[BlackTeam "Ballinasloe"]

1. e4 d5 2. exd5 Qxd5 3. Nc3 Qa5 4. d4 c6 5. Bc4 Nf6 6. Bd2 Qc7 7. Nf3 Bg4 8. h3 Bf5 9. Ne5 e6 10. O-O Bd6 11. Bf4 Nbd7 12. Re1 Rd8 13. Qf3 O-O 14. g4 Bxc2 15. Rac1 Nb6 16. Bf1 Ba4 17. b3 Nfd5 18. Nxa4 Nxa4 19. bxa4 Nxf4 20. Qxf4 f6 21. Qe4 fxe5 22. dxe5 Ba3 23. Rb1 Qf7 24. Qe3 Qf4 25. Rxb7 Rd2 26. Qxf4 Rxf4 27. Re2 Rxe2 28. Bxe2 Rxa4 29. Bd1 Re4 30. Bb3 Rxe5 31. Rxa7 Bc5 32. Ra6 Re2 33. Rxc6 Re1+ 34. Kg2 Bd4 35. Rxe6 Rxe6 36. Bxe6+ Kf8 37. f4 Ke7 38. Bb3 Kd6 39. Kf3 Ke7 40. Ke4 Bc3 41. a4 Be1 42. Kd5 Kd7 43. Kc5 Kc7 44. Kb5 Kb7 45. a5 Bg3 46. f5 h6 47. a6+ Ka7 48. Bc4 Bf2 49. Kc6 Be3 50. Kd7 Kb8 51. Ke6 Kc7 52. Kf7 Bd4 53. Kg6 Kd6 54. h4 Ke5 55. Kxg7 Kf4+ 56. f6 Kxg4 57. Kg6 Kxh4 58. f7 Bc5 59. a7 1-0

[Event "34th European Club Cup 2018"]
[Site "Halkidiki"]
[Date "2018.10.15"]
[Round "4"]
[White "Vozinaki, Anthi - Maria"]
[Black "Tardi, Oscar"]
[Result "1-0"]
[WhiteElo "2022"]
[BlackElo "1931"]
[Annotator "NA"]
[PlyCount "117"]
[EventDate "2018.10.12"]
[EventType "team-tourn"]
[EventCountry "GRE"]
[SourceTitle "playchess.com"]
[Source "ChessBase"]
[SourceQuality "1"]
[WhiteTeam "Chania CA"]
[BlackTeam "Bois-Colombes"]

1. e4 d6 2. d4 Nf6 3. Nc3 Nbd7 4. Nf3 e5 5. Bc4 Be7 6. O-O O-O 7. a4 a5 8. Re1 c6 9. h3 Qc7 10. Bg5 h6 11. Bd2 Re8 12. dxe5 dxe5 13. Qe2 Nc5 14. Nh4 Ne6 15. Nf5 Bf8 16. Qe3 Nf4 17. Ng3 b6 18. Nce2 Be6 19. Bxe6 Nxe6 20. Nf5 Kh7 21. Qf3 Rad8 22. Rad1 Ng8 23. h4 g6 24. Ne3 Nd4 25. Nxd4 exd4 26. Nc4 Bc5 27. h5 Qe7 28. e5 Rd5 29. e6 Rf8 30. exf7 Qxf7 31. Qxf7+ Rxf7 32. hxg6+ Kxg6 33. Ne5+ Rxe5 34. Rxe5 Rf6 35. Rde1 Kf7 36. Rxc5 bxc5 37. Re5 Re6 38. Rxc5 Re2 39. Bxa5 Ne7 40. Kf1 d3 41. cxd3 Rxb2 42. Bd8 Nd5 43. Rxc6 Ra2 44. Rc4 Ke6 45. a5 Ke5 46. Re4+ Kd6 47. Rh4 Nc3 48. g3 Kd7 49. Bb6 Ra1+ 50. Kg2 Nd5 51. Rxh6 Ra3 52. d4 Ra2 53. g4 Ra4 54. g5 Nxb6 55. axb6 Rxd4 56. Kg3 Rb4 57. f4 Ke7 58. b7 Kf7 59. Rh8 1-0